000 00365cam a2200145ua 4500
041 _aeng
_h
082 _a821
_bHER/PO
100 _aHerbert, George .
245 _aPoems of George Herbert /
_cGeorge Herbert.
_hTextual Documents
260 _aLondon :
_bOxford University Press ,
_c1961.
300 _a285 ; .
504 _a
942 _cBK
999 _c1027
_d1027